| 000 | 00843cam a2200313 4500 | ||
|---|---|---|---|
| 008 | 090401t1997 xxu||||| |||| 00| 0 eng d | ||
| 020 | _a0793116805 | ||
| 035 | _a(Sirsi) u89169 | ||
| 041 | _aeng | ||
| 050 | _a333.330973 | ||
| 100 | _aFloyd, Charles F. | ||
| 245 | _aReal estate principles. | ||
| 250 | _a5th ed. | ||
| 260 |
_aChicago, IL _bReal Estate Education Company _c1997 |
||
| 300 | _axiv,472p. : ill. ; 25cm. | ||
| 350 | _a62 | ||
| 650 | _aPROPERTY-COMMERCIAL PROPERTY | ||
| 650 | _aESTATE AGENCY | ||
| 650 | _aPROPERTY LAW | ||
| 650 |
_aProperty management _96262 |
||
| 650 | _aPROPERTY MARKET | ||
| 650 | _aREAL ESTATE BROKERAGE | ||
| 650 |
_aRESIDENTIAL PROPERTY _96266 |
||
| 650 | _aUNITED STATES | ||
| 690 | _aOVERSEAS-NORTH AMERICA | ||
| 700 | _aAllen Marcus T., | ||
| 942 | _n0 | ||
| 948 | _c21/10/1998 | ||
| 999 |
_c97429 _d97429 |
||